MDQL
is popping MORE tags! Check the
thread
!
Quizzes
Events
Quiz Creation
Community
Videos
Private Events
Remove Ads
Sign In
Join for FREE
Feedback
Dark Mode
Quiz Categories
Sports
Geography
Music
Movies
Television
Just For Fun
Miscellaneous
History
Literature
Language
Science
Gaming
Entertainment
Religion
Holiday
For Kids
Quiz Lab
Recent
Popular Today
Quiz Kudos Today
Editor Picks
Curator Picks
Quizzes by...
Day
Popularity
Type
Ratings
Length
Year
Community
Subscriptions
Recent Discussions
Orange Saloon
Badges
Playlists
Quests
Create
Leaderboards
Showdown
Live 5
Trivia Bingo
Activity
Puzzle Library
Sporcle Events
Private Events
Virtual Trivia
Globe League
Become a Host
Pub Owners
SporcleCon
Opinionation
Our Games
Videos
Blog
Mobile Apps
Partnerships
Remove Ads and Go Orange
Feedback
Sports
Athletes
MLB
NBA
NHL
NFL
Soccer
Sports Teams
WWE
NCAA
Football
Premier League
Basketball
Baseball
Hockey
Golf
Tennis
Cricket
Rugby
Auto Racing
Olympics
World Cup
Sports
Athletes
MLB
NBA
NHL
NFL
Soccer
Sports Teams
WWE
NCAA
Football
Premier League
Basketball
Baseball
Hockey
Golf
Tennis
Cricket
Rugby
Auto Racing
Olympics
World Cup
Random Quiz
Search Sporcle
×
Quiz Lab
Quiz Lab
Sports
NFL
Type in answers that appear in a list
Type in answers that appear in a list
Classic
Best Score? Go Orange.
NFL Rookie RB's with 100 Yard Games, 1990-2011 Stats
Can you name the NFL Rookie RB's with 100 Yard Games, 1990-2011?
By
nfldarinh
10m
65 Questions
472 Plays
472 Plays
472 Plays
Comments
Comments
Give Quiz Kudos
Give Quiz Kudos
-
- Ratings
hide this ad
More Info
Replay
Link that replays current quiz
Next Quiz
Link to next quiz in quiz playlist
You Got
0%
They Got
Avg Score
57%
Avg Friend Score
Upgrade to see
Score Distribution
Jump to the score distribution portion of the page
Score
0/65
Timer
10:00
0
Plays Today
#
Player
% Correct
3
Emmitt Smith
93%
2
Kevin Smith
92.8%
2
Onterrio Smith
92.8%
2
Ricky Williams
92.2%
6
Cadillac Williams
91.9%
4
Domanick Williams
91.9%
4
Chris Johnson
91.3%
3
Johnny Johnson
91.3%
4
Kevin Jones
90.9%
3
Julius Jones
90.9%
4
LaDainian Tomlinson
90%
6
Adrian Peterson
88.8%
4
Marshall Faulk
87.9%
10
Edgerrin James
87.1%
3
William Green
85.4%
2
Steven Jackson
84.5%
3
Terrell Davis
82.2%
7
Jerome Bettis
82%
2
Derek D. Brown
80.3%
2
Ronnie Brown
80.3%
8
Clinton Portis
80.1%
9
Curtis Martin
79.7%
4
Anthony Thomas
79.4%
2
Rodney Thomas
79.4%
5
Jamal Lewis
76.3%
6
Mike Anderson
75.2%
3
Maurice Jones-Drew
75.2%
6
Fred Taylor
73.3%
4
Corey Dillon
72.2%
5
Warrick Dunn
70.8%
7
Willis McGahee
69.9%
4
Eddie George
69.5%
3
Matt Forte
69.3%
#
Player
% Correct
3
Marshawn Lynch
68.4%
2
Joseph Addai
67.6%
2
Jonathan Stewart
67.4%
5
Steve Slaton
61.7%
5
Ryan Grant
58.3%
2
Travis Henry
53.8%
4
Ricky Watters
52.1%
2
Bam Morris
45.8%
4
LeGarrette Blount
44.9%
2
Michael Bennett
44.5%
5
Dominic Rhodes
43%
2
Charlie Garner
40.3%
4
Olandis Gary
35%
2
Natrone Means
33.3%
3
Ronald Moore
29.4%
2
Mewelde Moore
29.4%
2
Selvin Young
28%
4
Karim Abdul-Jabbar
24.4%
5
Rashaan Salaam
23.5%
4
Robert Edwards
23.5%
2
Chris Ivory
20.3%
4
Errict Rhett
19.9%
2
Leon Washington
19.3%
4
Reggie Brooks
16.3%
3
Samkon Gado
15.9%
2
Ben Tate
15.5%
2
Lawrence Phillips
14.2%
2
Jerious Norwood
14%
2
Leonard Russell
11%
2
Kenny Watson
4.7%
4
Fred Lane
4.4%
2
Roosevelt Potts
1.1%
Quiz Playlist
Details
Report
Send in Message
Add To Playlist
More Info:
Name the Rookie RB's with 100-yard regular season games from 1990 through week 4 of the 2011 season.
Classic:
Type in answers that appear in a list
Quiz Source
Last Updated: Feb 16, 2017
Quiz Scoreboard
CHALLENGE
Sign Up to Join the Scoreboard
Show All
Scores
Hide
Comments
May contain spoilers
Recently Published
Find the 'City' Movie
by crazypaving
Movies
60s
5x2 Blitz: Bands
by SL_Kpop136
Music
30s
Colored Red Africa Blitz
by spor1
Geography
30s
More to Explore
Quiz From the Vault
Featured Blog Post
14 Easter Pick-up Lines to Find Eggs With
hide this ad
You Might Also Like...
Tags
NFL Quiz
100
100 Yard
Player
rookie
Yard
Today's Top Quizzes in Sports
Browse Sports
hide this ad
Today's Top Quizzes in NFL
Browse NFL
Top Contributed Quizzes in Sports
1
Players with Multiple 50 Home Run Seasons
2
Criteria MLB: Left Handed Sluggers
3
MLB Players with Two .350 Batting Average Seasons
4
Who Hit More Homers?
5
Premier League Clubs since 2000 (minefield)
6
Who Needs Fielders?
7
2020 F1 Drivers Logic Puzzle
8
Les entraîneurs de l'OM et du PSG au 21e siècle
9
Top 10 NHL Goal Scorers of All Time
10
MLB Hall of Famer by Rings
Explore More
Trending Topics
Marvel
Harry Potter
Kpop
NBA
Disney
Crossword
Anime
NFL
Soccer
WWE
Pokémon
Song
Country
Puzzle
The Office
hide this ad
More By:
nfldarinh
Quiz
Plays
Rating
Category
Featured
Created
Top 10 NFL Passing, Rushing and Receiving Yards MINES
19,506
3.40
Sports
Jun 12, 2011
Top 300 NFL Career Passing Yards
7,264
4.50
Sports
Sep 29, 2011
NFL Every 100+ Yard Rusher since 1990
6,621
4.68
Sports
Dec 15, 2011
Top 300 NFL Career Rushing Yards
4,310
4.47
Sports
Sep 29, 2011
All NFL Players With 5+ 50+ Yard Offensive TD's 1980-2011
2,925
4.62
Sports
Oct 4, 2011
Go to Creator's Profile
Score Distribution
Quiz Creator Spotlight
nfldarinh
Follow
Send a Message
Quizzes Created
-
Created Quiz Play Count
-
More By This Creator
Popular Quizzes Today
1
Colored Red Africa Blitz
2
Find the 'City' Movie
3
5x2 Blitz: Bands
4
Find the US States - No Outlines Minefield
5
The Countries of the World
6
Find the US States
7
US States
8
9x9 Crossword: Cartoon Network
More Sports Quizzes
Sports Criteria - English Premier League Strikers IV
Quiz Lab
Trending Quizzes
Colored Red Europe Blitz I
Colored Red Africa Blitz II
Colored Red Africa Blitz III
Colored Red Europe Blitz III
Colored Red Europe Blitz II
Recently Updated
Champions League XIs: Real Madrid
pecheneg
Largest US Cities 1790-2010
pecheneg
Rides in Walt Disney World
pecheneg
Most Oscar Losses (Acting)
pecheneg
Beyoncé Albums
pecheneg
Leaping Animals
pecheneg
Reality TV Shows (A-Z)
bhenderson79
Rickey Henderson's Hall of Fame Teammates
pecheneg
Champions League XIs: Arsenal
pecheneg
Quick Pick: Celebrities in WWE's Hall of Fame
aduchscher
Trending Topics
Marvel
Harry Potter
Crossword
NBA
Kpop
Disney
Anime
WWE
The Office
NFL
Soccer
Puzzle
Country
Song
Pokémon
Your Account Isn't Verified!
In order to create a playlist on Sporcle, you need to verify the email address you used during registration. Go to your
Sporcle Settings
to finish the process.
Report this User
Report this user for behavior that violates our
Community Guidelines
.
Details:
Send Report
Go to the Sporcle.com Mobile Site →
Comments